Giấc ngủ kỳ lạ của ông Lương Tử Ban
Сохранить в:
| Главный автор: | |
|---|---|
| Формат: | |
| Язык: | Undetermined |
| Опубликовано: |
Hà Nội
Nhà xuất bản Hà Nội
20042005
|
| Предметы: | |
| Метки: |
Добавить метку
Нет меток, Требуется 1-ая метка записи!
|
| Thư viện lưu trữ: | Trung tâm Học liệu Trường Đại học Cần Thơ |
|---|
| LEADER | 00572nam a2200193Ia 4500 | ||
|---|---|---|---|
| 001 | CTU_95685 | ||
| 008 | 210402s9999 xx 000 0 und d | ||
| 020 | |c 21000 | ||
| 082 | |a 895.922301 | ||
| 082 | |b L123 | ||
| 100 | |a Ngô, Tự Lập | ||
| 245 | 0 | |a Giấc ngủ kỳ lạ của ông Lương Tử Ban | |
| 245 | 0 | |c Ngô Tự Lập | |
| 260 | |a Hà Nội | ||
| 260 | |b Nhà xuất bản Hà Nội | ||
| 260 | |c 20042005 | ||
| 650 | |a Short stories, vietnamese | ||
| 904 | |i M.Loan | ||
| 980 | |a Trung tâm Học liệu Trường Đại học Cần Thơ | ||